| 000 | 00769npm a2200229 i 4500 | ||
|---|---|---|---|
| 001 | 5187 | ||
| 003 | ES-MaACL | ||
| 005 | 20230908135224.0 | ||
| 007 | hzrazu bucu | ||
| 008 | 900420r19901900xxu a 00010 eng d | ||
| 080 | _a05(747 New York) Scribner | ||
| 080 | _a05(73) | ||
| 245 | 0 | 0 |
_aScribner's Magazine _b: [Microforma]. |
| 260 |
_aMadrid : _bAteneo Cientifico, Literario y Artistico, _c1990. |
||
| 300 |
_a1 carrete microfilme : _bnegativo ; _c16 mm. |
||
| 500 | _aPublicado originalmente: New York, Charles Scribner's Sons, 1900-1901, periodicidad mensual. | ||
| 505 | 8 | _aCarrete n. 1: 1900 a 1901 (1er sem.) | |
| 852 |
_aES-MaACL _jMC-403 _95304 _cDEPO1 |
||
| 942 |
_2udc _cMICROFORMA |
||
| 999 |
_c5187 _d5187 |
||